[Event "Fagernes International 2022"]
[Site "Fagernes"]
[Date "2022.04.16"]
[Round "8.17"]
[White "Skotheim, Havard"]
[Black "Ji, Jiahao Eric"]
[Result "0-1"]
[WhiteElo "1340"]
[BlackElo "1664"]
[Annotator "NA RC"]
[PlyCount "54"]
[EventDate "2022.04.10"]
[EventCountry "NOR"]
[SourceTitle "playchess.com"]
[Source "ChessBase"]
[SourceQuality "1"]

1. e4 {[%emt 0:00:05]} e6 {[%emt 0:00:06]} 2. d3 {[%emt 0:00:15]} d5 {[%emt 0:00:05]} 3. Nd2 {[%emt 0:00:20]} Nf6 {[%emt 0:00:20]} 4. Ngf3 {[%emt 0:00:37]} Nc6 {[%emt 0:01:19]} 5. g3 {[%emt 0:00:24]} dxe4 {[%emt 0:00:21]} 6. Nxe4 {[%emt 0:01:56]} Nxe4 {[%emt 0:00:23]} 7. dxe4 {[%emt 0:00:25]} Qxd1+ {[%emt 0:00:26]} 8. Kxd1 {[%emt 0:00:08]} e5 {[%emt 0:00:39]} 9. Bb5 {[%emt 0:00:26]} Bg4 {[%emt 0:01:01]} 10. Ke2 {[%emt 0:00:48]} O-O-O {[%emt 0:03:18]} 11. Bxc6 {[%emt 0:00:14]} bxc6 {[%emt 0:00:17]} 12. h3 {[%emt 0:01:53]} Bh5 {[%emt 0:00:44]} 13. g4 {[%emt 0:00:37]} Bg6 {[%emt 0:00:06]} 14. Nxe5 {[%emt 0:04:17]} Bxe4 {[%emt 0:01:09]} 15. f3 {[%emt 0:01:10]} Bd5 {[%emt 0:00:15]} 16. c4 {[%emt 0:01:15]} Re8 {[%emt 0:02:10]} 17. Kd3 {[%emt 0:05:34]} Rxe5 {[%emt 0:01:27]} 18. cxd5 {[%emt 0:02:07]} cxd5 {[%emt 0:03:17]} 19. Kd4 {[%emt 0:02:27]} Bd6 {[%emt 0:01:45]} 20. f4 {[%emt 0:04:51]} c5+ {[%emt 0:00:48]} 21. Kd3 {[%emt 0:02:12]} Re4 {[%emt 0:00:31]} 22. f5 {[%emt 0:02:07]} Rhe8 {[%emt 0:01:24]} 23. b3 {[%emt 0:03:37]} c4+ {[%emt 0:02:26]} 24. bxc4 {[%emt 0:02:43]} dxc4+ {[%emt 0:00:10]} 25. Kc2 {[%emt 0:01:12]} Re2+ {[%emt 0:00:35]} 26. Kd1 {[%emt 0:00:31]} c3 {[%emt 0:00:21]} 27. Bg5 {[%emt 0:02:57]} c2+ {[%emt 0:00:10]} 0-1

[Event "Fagernes International 2022"]
[Site "Fagernes"]
[Date "2022.04.16"]
[Round "8.18"]
[White "Holten, Terje"]
[Black "Stromsodd, Jonas W"]
[Result "0-1"]
[WhiteElo "1237"]
[BlackElo "1588"]
[Annotator "NA RC"]
[PlyCount "90"]
[EventDate "2022.04.10"]
[EventCountry "NOR"]
[SourceTitle "playchess.com"]
[Source "ChessBase"]
[SourceQuality "1"]

1. d4 Nf6 {[%emt 0:00:49]} 2. c4 {[%emt 0:00:08]} e5 {[%emt 0:00:06]} 3. dxe5 {[%emt 0:00:20]} Ng4 {[%emt 0:00:09]} 4. Nc3 {[%emt 0:02:04]} Bc5 {[%emt 0:00:46]} 5. e3 {[%emt 0:02:23]} Nxe5 {[%emt 0:00:48]} 6. Nf3 {[%emt 0:03:13]} Nbc6 {[%emt 0:00:18]} 7. Nxe5 {[%emt 0:02:44]} Nxe5 {[%emt 0:01:06]} 8. Be2 {[%emt 0:00:48]} O-O {[%emt 0:00:14]} 9. O-O {[%emt 0:00:34]} Re8 {[%emt 0:00:10]} 10. a3 {[%emt 0:02:03]} a5 {[%emt 0:00:35]} 11. Ne4 {[%emt 0:04:18]} Bf8 {[%emt 0:00:47]} 12. Ng3 {[%emt 0:00:31]} Ra6 {[%emt 0:02:29]} 13. f4 {[%emt 0:11:17]} Ng6 {[%emt 0:02:11]} 14. c5 {[%emt 0:06:21]} Ra8 {[%emt 0:04:10]} 15. Qc2 {[%emt 0:01:35]} d6 {[%emt 0:02:46]} 16. cxd6 {[%emt 0:03:53]} Bxd6 {[%emt 0:00:07]} 17. Bd2 {[%emt 0:01:07]} Nh4 {[%emt 0:07:56]} 18. Ne4 {[%emt 0:08:16]} Bf5 {[%emt 0:09:56]} 19. Bd3 {[%emt 0:00:40]} Bf8 {[%emt 0:05:52]} 20. Rad1 {[%emt 0:07:32]} Qd5 {[%emt 0:01:11]} 21. Be1 {[%emt 0:03:15]} Nxg2 {[%emt 0:20:29]} 22. Nf6+ {[%emt 0:06:20]} gxf6 {[%emt 0:01:15]} 23. Bxf5 {[%emt 0:00:09]} Nxe1 {[%emt 0:00:41]} 24. Bxh7+ {[%emt 0:02:19]} Kg7 {[%emt 0:01:24]} 25. Rfxe1 {[%emt 0:01:33]} Qh5 {[%emt 0:00:54]} 26. Be4 {[%emt 0:02:52]} Rad8 {[%emt 0:14:19]} 27. Qg2+ {[%emt 0:04:47]} Kh8 {[%emt 0:03:08]} 28. Rxd8 {[%emt 0:01:49]} Rxd8 {[%emt 0:00:09]} 29. Bf3 {[%emt 0:02:27]} Qh4 {[%emt 0:02:16]} 30. Qe2 {[%emt 0:03:18]} Bc5 {[%emt 0:01:32]} 31. Kh1 {[%emt 0:07:19]} Rd3 {[%emt 0:00:49]} 32. Rd1 {[%emt 0:07:40]} Rxd1+ {[%emt 0:00:49]} 33. Qxd1 {[%emt 0:00:01]} Bxe3 {[%emt 0:00:23]} 34. Bxb7 {[%emt 0:01:46]} Bxf4 {[%emt 0:00:43]} 35. Qe2 {[%emt 0:02:01]} Qg5 {[%emt 0:00:59]} 36. b3 {[%emt 0:03:34]} Qe5 {[%emt 0:04:49]} 37. Qf2 {[%emt 0:03:52]} Qd6 {[%emt 0:03:38]} 38. Qh4+ {[%emt 0:00:25]} Kg7 {[%emt 0:00:29]} 39. Qg4+ {[%emt 0:00:48]} Kf8 {[%emt 0:00:08]} 40. Qc8+ {[%emt 0:00:36]} Ke7 {[%emt 0:00:12]} 41. Qh3 {[%emt 0:01:57]} Qd1+ {[%emt 0:03:38]} 42. Kg2 {[%emt 0:00:09]} Qd2+ {[%emt 0:01:14]} 43. Kf3 {[%emt 0:00:27]} Qc3+ {[%emt 0:01:18]} 44. Kg4 {[%emt 0:00:11]} f5+ {[%emt 0:00:18]} 45. Kh4 {[%emt 0:00:17]} Qh8# {[%emt 0:00:23]} 0-1

[Event "Fagernes International 2022"]
[Site "Fagernes"]
[Date "2022.04.16"]
[Round "8.19"]
[White "Stenseng, Benjamin"]
[Black "Skogholt, Steinar Dieseth"]
[Result "1-0"]
[WhiteElo "1578"]
[BlackElo "1105"]
[Annotator "NA RC"]
[PlyCount "71"]
[EventDate "2022.04.10"]
[EventCountry "NOR"]
[SourceTitle "playchess.com"]
[Source "ChessBase"]
[SourceQuality "1"]

1. e4 d6 {[%emt 0:00:12]} 2. d4 {[%emt 0:00:05]} Nf6 {[%emt 0:00:05]} 3. Nc3 {[%emt 0:00:04]} g6 {[%emt 0:00:08]} 4. f4 {[%emt 0:00:03]} Bg7 {[%emt 0:00:11]} 5. Nf3 {[%emt 0:00:05]} Bg4 {[%emt 0:00:15]} 6. h3 {[%emt 0:03:25]} Bxf3 {[%emt 0:00:16]} 7. Qxf3 {[%emt 0:00:36]} Nc6 {[%emt 0:00:47]} 8. Bb5 {[%emt 0:01:34]} O-O {[%emt 0:03:02]} 9. Bxc6 {[%emt 0:00:51]} bxc6 {[%emt 0:00:06]} 10. Be3 {[%emt 0:07:29]} Nd7 {[%emt 0:02:13]} 11. e5 {[%emt 0:04:39]} d5 {[%emt 0:04:20]} 12. g4 {[%emt 0:02:56]} f5 {[%emt 0:04:07]} 13. h4 {[%emt 0:11:49]} fxg4 {[%emt 0:05:07]} 14. Qxg4 {[%emt 0:00:24]} Qe8 {[%emt 0:03:51]} 15. Qe6+ {[%emt 0:05:05]} Rf7 {[%emt 0:03:48]} 16. Qxc6 {[%emt 0:11:27]} e6 {[%emt 0:00:41]} 17. b3 {[%emt 0:08:28]} Bf8 {[%emt 0:05:45]} 18. a3 {[%emt 0:06:03]} Rb8 {[%emt 0:04:27]} 19. Na4 {[%emt 0:12:21]} Nb6 {[%emt 0:04:48]} 20. Qxe8 {[%emt 0:00:38]} Rxe8 {[%emt 0:00:07]} 21. Nb2 {[%emt 0:02:17]} Rc8 {[%emt 0:01:12]} 22. Nd3 {[%emt 0:00:52]} Nd7 {[%emt 0:01:10]} 23. h5 {[%emt 0:01:41]} c5 {[%emt 0:03:15]} 24. hxg6 {[%emt 0:00:47]} hxg6 {[%emt 0:00:11]} 25. Kd2 {[%emt 0:02:59]} Rh7 {[%emt 0:01:22]} 26. Rxh7 {[%emt 0:01:00]} Kxh7 {[%emt 0:00:06]} 27. Rh1+ {[%emt 0:00:58]} Kg7 {[%emt 0:00:40]} 28. f5 {[%emt 0:03:40]} exf5 {[%emt 0:04:41]} 29. e6 {[%emt 0:03:53]} Nf6 {[%emt 0:02:55]} 30. Bh6+ {[%emt 0:03:13]} Kg8 {[%emt 0:00:26]} 31. Bxf8 {[%emt 0:00:40]} Kxf8 {[%emt 0:01:14]} 32. Rh8+ {[%emt 0:00:55]} Ng8 {[%emt 0:00:10]} 33. Rh7 {[%emt 0:06:24]} cxd4 {[%emt 0:04:54]} 34. Ne5 {[%emt 0:00:27]} Ne7 {[%emt 0:01:02]} 35. Nd7+ {[%emt 0:01:36]} Ke8 {[%emt 0:01:35]} 36. Rh8+ {[%emt 0:00:15]} 1-0

[Event "Fagernes International 2022"]
[Site "Fagernes"]
[Date "2022.04.16"]
[Round "8.20"]
[White "Lalla, Karol"]
[Black "Hellesoy, David"]
[Result "0-1"]
[WhiteElo "1520"]
[BlackElo "1561"]
[Annotator "NA RC"]
[PlyCount "110"]
[EventDate "2022.04.10"]
[EventCountry "NOR"]
[SourceTitle "playchess.com"]
[Source "ChessBase"]
[SourceQuality "1"]

1. Nf3 {[%emt 0:00:49]} Nf6 {[%emt 0:00:21]} 2. g3 {[%emt 0:00:03]} b5 {[%emt 0:00:11]} 3. Bg2 {[%emt 0:00:08]} Bb7 {[%emt 0:00:07]} 4. O-O {[%emt 0:00:45]} c5 {[%emt 0:01:49]} 5. d3 {[%emt 0:02:27]} d6 {[%emt 0:03:10]} 6. Nbd2 {[%emt 0:00:48]} e5 {[%emt 0:02:14]} 7. b3 {[%emt 0:00:08]} Be7 {[%emt 0:03:11]} 8. c4 {[%emt 0:01:16]} b4 {[%emt 0:00:18]} 9. a3 {[%emt 0:01:12]} a5 {[%emt 0:00:47]} 10. Bb2 {[%emt 0:00:28]} Nbd7 {[%emt 0:02:35]} 11. Qc2 {[%emt 0:01:27]} O-O {[%emt 0:02:24]} 12. Ne4 {[%emt 0:01:44]} Ne8 {[%emt 0:00:43]} 13. Nfd2 {[%emt 0:00:51]} Qb6 {[%emt 0:08:08]} 14. Nf3 {[%emt 0:05:51]} f5 {[%emt 0:08:59]} 15. Ned2 {[%emt 0:01:05]} Nc7 {[%emt 0:04:14]} 16. a4 {[%emt 0:00:22]} Ne6 {[%emt 0:02:50]} 17. e3 {[%emt 0:03:11]} Rad8 {[%emt 0:04:51]} 18. Rae1 {[%emt 0:00:25]} Nf6 {[%emt 0:02:52]} 19. d4 {[%emt 0:10:40]} e4 {[%emt 0:00:12]} 20. dxc5 {[%emt 0:01:02]} dxc5 {[%emt 0:01:53]} 21. Ne5 {[%emt 0:00:53]} Nd7 {[%emt 0:02:48]} 22. f4 {[%emt 0:03:48]} Nxe5 {[%emt 0:05:00]} 23. Bxe5 {[%emt 0:04:11]} Bf6 {[%emt 0:05:22]} 24. Bxf6 {[%emt 0:01:05]} Rxf6 {[%emt 0:00:08]} 25. Rd1 {[%emt 0:00:10]} Nf8 {[%emt 0:01:08]} 26. Nb1 {[%emt 0:10:40]} Rfd6 {[%emt 0:01:06]} 27. Rxd6 {[%emt 0:01:45]} Qxd6 {[%emt 0:00:46]} 28. Rc1 {[%emt 0:04:00]} Qd3 {[%emt 0:07:59]} 29. Kf2 {[%emt 0:00:58]} h6 {[%emt 0:01:21]} 30. Bf1 {[%emt 0:00:27]} Qxc2+ {[%emt 0:00:49]} 31. Rxc2 {[%emt 0:00:01]} Kf7 {[%emt 0:05:33]} 32. Be2 {[%emt 0:04:40]} Kf6 {[%emt 0:03:18]} 33. g4 {[%emt 0:04:31]} g5 {[%emt 0:04:35]} 34. Rd2 {[%emt 0:05:08]} Rxd2 {[%emt 0:00:48]} 35. Nxd2 {[%emt 0:00:02]} gxf4 {[%emt 0:00:45]} 36. exf4 {[%emt 0:01:00]} Ne6 {[%emt 0:01:06]} 37. Ke3 {[%emt 0:00:47]} Nd4 {[%emt 0:07:13]} 38. Bd1 {[%emt 0:04:26]} fxg4 {[%emt 0:08:35]} 39. Nxe4+ {[%emt 0:01:48]} Bxe4 {[%emt 0:02:24]} 40. Kxe4 {[%emt 0:00:17]} h5 {[%emt 0:00:31]} 41. Kd5 {[%emt 0:02:57]} Kf5 {[%emt 0:05:21]} 42. Kxc5 {[%emt 0:01:32]} Nf3 {[%emt 0:00:11]} 43. h3 {[%emt 0:02:14]} Kxf4 {[%emt 0:01:28]} 44. hxg4 {[%emt 0:03:05]} hxg4 {[%emt 0:00:35]} 45. Kb5 {[%emt 0:05:43]} g3 {[%emt 0:01:59]} 46. Kxa5 {[%emt 0:01:36]} g2 {[%emt 0:00:29]} 47. Bxf3 {[%emt 0:00:07]} Kxf3 {[%emt 0:00:37]} 48. Kxb4 {[%emt 0:00:12]} g1=Q {[%emt 0:00:40]} 49. Kb5 {[%emt 0:00:52]} Ke4 {[%emt 0:00:38]} 50. c5 {[%emt 0:03:12]} Kd5 {[%emt 0:00:43]} 51. b4 {[%emt 0:00:08]} Qg6 {[%emt 0:01:11]} 52. Ka5 {[%emt 0:02:45]} Kc4 {[%emt 0:03:08]} 53. c6 {[%emt 0:00:55]} Qxc6 {[%emt 0:00:08]} 54. b5 {[%emt 0:00:10]} Qb7 {[%emt 0:00:22]} 55. b6 {[%emt 0:00:18]} Qa8# {[%emt 0:00:05]} 0-1

[Event "Fagernes International 2022"]
[Site "Fagernes"]
[Date "2022.04.17"]
[Round "9.1"]
[White "Fiskaaen, Martin Holten"]
[Black "Myagmarsuren, Evsuld"]
[Result "0-1"]
[WhiteElo "1880"]
[BlackElo "1858"]
[Annotator "NA RC"]
[PlyCount "120"]
[EventDate "2022.04.10"]
[EventCountry "NOR"]
[SourceTitle "playchess.com"]
[Source "ChessBase"]
[SourceQuality "1"]

1. d4 {[%emt 0:00:04]} d5 {[%emt 0:00:32]} 2. c4 {[%emt 0:00:05]} c6 {[%emt 0:00:04]} 3. Nc3 {[%emt 0:00:04]} Nf6 {[%emt 0:00:04]} 4. e3 {[%emt 0:00:06]} e6 {[%emt 0:00:08]} 5. Nf3 {[%emt 0:00:05]} Nbd7 {[%emt 0:00:27]} 6. Qc2 {[%emt 0:00:07]} Bd6 {[%emt 0:00:43]} 7. Bd3 {[%emt 0:00:09]} dxc4 {[%emt 0:00:40]} 8. Bxc4 {[%emt 0:00:06]} b5 {[%emt 0:00:10]} 9. Bd3 {[%emt 0:00:04]} Bb7 {[%emt 0:00:40]} 10. O-O {[%emt 0:00:16]} a6 {[%emt 0:00:05]} 11. e4 {[%emt 0:01:06]} c5 {[%emt 0:06:26]} 12. e5 {[%emt 0:14:05]} Bxf3 {[%emt 0:05:10]} 13. gxf3 {[%emt 0:14:48]} cxd4 {[%emt 0:02:12]} 14. exd6 {[%emt 0:01:12]} Rc8 {[%emt 0:03:19]} 15. Qe2 {[%emt 0:14:54]} dxc3 {[%emt 0:00:32]} 16. bxc3 {[%emt 0:03:11]} O-O {[%emt 0:06:50]} 17. a4 {[%emt 0:06:55]} Nd5 {[%emt 0:02:29]} 18. c4 {[%emt 0:09:27]} bxc4 {[%emt 0:13:05]} 19. Bxc4 {[%emt 0:00:46]} Qf6 {[%emt 0:01:03]} 20. Bxd5 {[%emt 0:19:14]} Qxa1 {[%emt 0:04:39]} 21. Bb2 {[%emt 0:04:08]} Qxa4 {[%emt 0:00:09]} 22. Be4 {[%emt 0:00:15]} Nc5 {[%emt 0:06:01]} 23. Bb1 {[%emt 0:01:04]} Qb5 {[%emt 0:08:13]} 24. Qe5 {[%emt 0:01:42]} f6 {[%emt 0:00:07]} 25. Qh5 {[%emt 0:00:41]} f5 {[%emt 0:01:47]} 26. Bd4 {[%emt 0:05:53]} Nb3 {[%emt 0:02:26]} 27. Be3 {[%emt 0:00:15]} Qd5 {[%emt 0:00:56]} 28. Kh1 {[%emt 0:04:23]} Nd2 {[%emt 0:07:04]} 29. Rd1 {[%emt 0:01:14]} g6 {[%emt 0:01:49]} 30. Qh3 {[%emt 0:00:32]} Qxf3+ {[%emt 0:00:12]} 31. Qxf3 {[%emt 0:00:09]} Nxf3 {[%emt 0:00:06]} 32. d7 {[%emt 0:00:13]} Rcd8 {[%emt 0:06:26]} 33. Bb6 {[%emt 0:00:15]} Kf7 {[%emt 0:00:38]} 34. Ba2 {[%emt 0:01:16]} Ne5 {[%emt 0:01:14]} 35. Bxd8 {[%emt 0:02:22]} Rxd8 {[%emt 0:00:19]} 36. Rd6 {[%emt 0:00:24]} Rxd7 {[%emt 0:02:58]} 37. Rxe6 {[%emt 0:00:34]} Ng4 {[%emt 0:00:37]} 38. Rxa6+ {[%emt 0:00:45]} Kg7 {[%emt 0:00:11]} 39. Kg2 {[%emt 0:01:45]} Rd2 {[%emt 0:00:14]} 40. Ra7+ {[%emt 0:00:13]} Kf6 {[%emt 0:00:35]} 41. Bg8 {[%emt 0:06:52]} Rxf2+ {[%emt 0:02:07]} 42. Kg1 {[%emt 0:02:08]} Rxh2 {[%emt 0:02:13]} 43. Bxh7 {[%emt 0:00:28]} Kg5 {[%emt 0:00:36]} 44. Bg8 {[%emt 0:01:59]} Rb2 {[%emt 0:01:54]} 45. Be6 {[%emt 0:04:51]} Ne5 {[%emt 0:03:32]} 46. Bd5 {[%emt 0:01:01]} Kg4 {[%emt 0:01:54]} 47. Ra3 {[%emt 0:01:36]} g5 {[%emt 0:02:49]} 48. Kf1 {[%emt 0:01:25]} Rd2 {[%emt 0:00:46]} 49. Bb7 {[%emt 0:00:25]} Rd3 {[%emt 0:01:47]} 50. Ra2 {[%emt 0:01:05]} Nf3 {[%emt 0:02:00]} 51. Ra5 {[%emt 0:02:20]} f4 {[%emt 0:02:28]} 52. Ra2 {[%emt 0:06:47]} Re3 {[%emt 0:14:23]} 53. Rg2+ {[%emt 0:02:49]} Kf5 {[%emt 0:00:49]} 54. Bc6 {[%emt 0:02:42]} Ne5 {[%emt 0:00:55]} 55. Bb7 {[%emt 0:00:27]} f3 {[%emt 0:01:11]} 56. Rd2 {[%emt 0:03:42]} Nd3 {[%emt 0:03:45]} 57. Kg1 {[%emt 0:00:20]} f2+ {[%emt 0:00:36]} 58. Kg2 {[%emt 0:00:19]} Rg3+ {[%emt 0:01:44]} 59. Kxg3 {[%emt 0:00:26]} f1=Q {[%emt 0:00:10]} 60. Bc8+ {[%emt 0:00:26]} Ke4 {[%emt 0:01:17]} 0-1

[Event "Fagernes International 2022"]
[Site "Fagernes"]
[Date "2022.04.17"]
[Round "9.3"]
[White "Lund, Terje"]
[Black "Ostensen, Nicolai Maxime"]
[Result "0-1"]
[WhiteElo "2020"]
[BlackElo "1728"]
[Annotator "NA RC"]
[PlyCount "82"]
[EventDate "2022.04.10"]
[EventCountry "NOR"]
[SourceTitle "playchess.com"]
[Source "ChessBase"]
[SourceQuality "1"]

1. d4 {[%emt 0:00:10]} d5 {[%emt 0:00:17]} 2. c4 {[%emt 0:00:33]} c6 {[%emt 0:00:47]} 3. Nf3 {[%emt 0:00:16]} Nf6 {[%emt 0:00:06]} 4. e3 {[%emt 0:01:35]} Bf5 {[%emt 0:00:50]} 5. Nc3 {[%emt 0:00:57]} e6 {[%emt 0:01:32]} 6. Bd3 {[%emt 0:04:58]} Bg6 {[%emt 0:02:52]} 7. O-O {[%emt 0:01:05]} Nbd7 {[%emt 0:02:45]} 8. b3 {[%emt 0:00:34]} Bd6 {[%emt 0:00:19]} 9. Bb2 {[%emt 0:01:29]} O-O {[%emt 0:01:43]} 10. Bxg6 {[%emt 0:00:37]} hxg6 {[%emt 0:00:29]} 11. Qc2 {[%emt 0:08:56]} e5 {[%emt 0:04:33]} 12. cxd5 {[%emt 0:07:30]} exd4 {[%emt 0:15:24]} 13. Nxd4 {[%emt 0:06:55]} cxd5 {[%emt 0:04:35]} 14. Nf3 {[%emt 0:05:01]} Ne5 {[%emt 0:03:28]} 15. Nxe5 {[%emt 0:01:38]} Bxe5 {[%emt 0:00:05]} 16. Rfd1 {[%emt 0:20:17]} Qc7 {[%emt 0:02:09]} 17. Rac1 {[%emt 0:05:18]} Bxh2+ {[%emt 0:05:31]} 18. Kf1 {[%emt 0:00:39]} Qd7 {[%emt 0:02:13]} 19. Qd3 {[%emt 0:04:29]} Rfd8 {[%emt 0:04:29]} 20. Qd4 {[%emt 0:01:49]} Qf5 {[%emt 0:07:34]} 21. Ne2 {[%emt 0:02:59]} Re8 {[%emt 0:06:02]} 22. Qh4 {[%emt 0:00:29]} Ng4 {[%emt 0:02:22]} 23. Ke1 {[%emt 0:04:32]} g5 {[%emt 0:11:43]} 24. Rxd5 {[%emt 0:00:33]} Qxd5 {[%emt 0:01:42]} 25. Qxg4 {[%emt 0:00:06]} Rad8 {[%emt 0:01:13]} 26. Nd4 {[%emt 0:06:00]} Be5 {[%emt 0:01:10]} 27. Kf1 {[%emt 0:00:33]} Rd6 {[%emt 0:06:32]} 28. Kg1 {[%emt 0:06:30]} Bxd4 {[%emt 0:04:21]} 29. Bxd4 {[%emt 0:00:27]} b6 {[%emt 0:03:32]} 30. Rc7 {[%emt 0:03:49]} a6 {[%emt 0:01:16]} 31. Rc8 {[%emt 0:04:18]} Rxc8 {[%emt 0:02:56]} 32. Qxc8+ {[%emt 0:00:06]} Kh7 {[%emt 0:00:11]} 33. Qxa6 {[%emt 0:00:14]} b5 {[%emt 0:01:39]} 34. Qa7 {[%emt 0:01:36]} Rc6 {[%emt 0:01:58]} 35. Qe7 {[%emt 0:00:34]} Rc1+ {[%emt 0:01:26]} 36. Kh2 {[%emt 0:00:02]} Qf5 {[%emt 0:00:19]} 37. Qf8 {[%emt 0:03:47]} Qg6 {[%emt 0:00:53]} 38. Kg3 {[%emt 0:00:50]} Rc2 {[%emt 0:00:33]} 39. a4 {[%emt 0:01:11]} Qh6 {[%emt 0:01:05]} 40. Kf3 {[%emt 0:01:16]} Qh5+ {[%emt 0:03:41]} 41. Ke4 {[%emt 0:01:59]} Qg6+ {[%emt 0:00:11]} 0-1

[Event "Fagernes International 2022"]
[Site "Fagernes"]
[Date "2022.04.17"]
[Round "9.4"]
[White "Cross, Jamie"]
[Black "Stromhaug, Kristoffer Wang"]
[Result "1-0"]
[WhiteElo "1735"]
[BlackElo "1694"]
[Annotator "NA RC"]
[PlyCount "75"]
[EventDate "2022.04.10"]
[EventCountry "NOR"]
[SourceTitle "playchess.com"]
[Source "ChessBase"]
[SourceQuality "1"]

1. d4 {[%emt 0:00:05]} d5 {[%emt 0:00:09]} 2. Bf4 {[%emt 0:00:06]} c5 {[%emt 0:00:21]} 3. Nc3 {[%emt 0:00:42]} Nf6 {[%emt 0:05:10]} 4. e3 {[%emt 0:01:29]} a6 {[%emt 0:12:49]} 5. dxc5 {[%emt 0:02:02]} e6 {[%emt 0:01:24]} 6. Na4 {[%emt 0:02:25]} Nbd7 {[%emt 0:02:54]} 7. b4 {[%emt 0:08:38]} Ne4 {[%emt 0:20:06]} 8. Bd3 {[%emt 0:07:04]} g5 {[%emt 0:02:20]} 9. Bg3 {[%emt 0:05:56]} Bg7 {[%emt 0:01:56]} 10. Bxe4 {[%emt 0:01:13]} dxe4 {[%emt 0:00:16]} 11. c3 {[%emt 0:07:06]} a5 {[%emt 0:06:02]} 12. Rc1 {[%emt 0:08:40]} axb4 {[%emt 0:03:52]} 13. cxb4 {[%emt 0:01:48]} O-O {[%emt 0:14:58]} 14. Ne2 {[%emt 0:11:19]} Be5 {[%emt 0:07:01]} 15. Nac3 {[%emt 0:11:59]} f5 {[%emt 0:06:12]} 16. Bxe5 {[%emt 0:04:13]} Nxe5 {[%emt 0:00:28]} 17. Qxd8 {[%emt 0:00:25]} Rxd8 {[%emt 0:00:12]} 18. O-O {[%emt 0:00:41]} Nd3 {[%emt 0:01:47]} 19. Rb1 {[%emt 0:00:21]} e5 {[%emt 0:01:22]} 20. a4 {[%emt 0:01:38]} Be6 {[%emt 0:02:05]} 21. a5 {[%emt 0:01:37]} Bc4 {[%emt 0:01:20]} 22. f3 {[%emt 0:04:59]} exf3 {[%emt 0:04:15]} 23. gxf3 {[%emt 0:03:56]} Kf7 {[%emt 0:01:22]} 24. Rfd1 {[%emt 0:01:06]} Re8 {[%emt 0:05:45]} 25. Ng3 {[%emt 0:03:59]} f4 {[%emt 0:03:37]} 26. Nge4 {[%emt 0:00:50]} Rad8 {[%emt 0:00:40]} 27. Nd6+ {[%emt 0:12:21]} Rxd6 {[%emt 0:00:05]} 28. cxd6 {[%emt 0:00:07]} fxe3 {[%emt 0:00:40]} 29. Ne4 {[%emt 0:02:41]} e2 {[%emt 0:01:04]} 30. Rdc1 {[%emt 0:00:16]} Ba2 {[%emt 0:04:18]} 31. Ra1 {[%emt 0:01:34]} Bb3 {[%emt 0:00:21]} 32. Nc5 {[%emt 0:00:58]} Nxc1 {[%emt 0:01:09]} 33. Rxc1 {[%emt 0:00:06]} Bd5 {[%emt 0:00:21]} 34. Kf2 {[%emt 0:00:15]} Rd8 {[%emt 0:00:45]} 35. Nxb7 {[%emt 0:00:23]} Bxb7 {[%emt 0:00:06]} 36. Rc7+ {[%emt 0:00:04]} Ke6 {[%emt 0:00:09]} 37. Rxb7 {[%emt 0:00:05]} Kxd6 {[%emt 0:00:14]} 38. a6 {[%emt 0:00:25]} 1-0

[Event "Fagernes International 2022"]
[Site "Fagernes"]
[Date "2022.04.17"]
[Round "9.5"]
[White "Stai, Sondre"]
[Black "Reinhardt, Johannes"]
[Result "1-0"]
[WhiteElo "1685"]
[BlackElo "1893"]
[Annotator "NA RC"]
[PlyCount "83"]
[EventDate "2022.04.10"]
[EventCountry "NOR"]
[SourceTitle "playchess.com"]
[Source "ChessBase"]
[SourceQuality "1"]

1. e4 {[%emt 0:09:16]} Nc6 {[%emt 0:00:37]} 2. d4 {[%emt 0:00:47]} d5 {[%emt 0:00:06]} 3. e5 {[%emt 0:01:10]} Bf5 {[%emt 0:00:06]} 4. c3 {[%emt 0:02:08]} f6 {[%emt 0:00:14]} 5. f4 {[%emt 0:03:40]} e6 {[%emt 0:00:41]} 6. Nf3 {[%emt 0:01:35]} Qd7 {[%emt 0:01:08]} 7. a4 {[%emt 0:06:33]} Nh6 {[%emt 0:05:32]} 8. Bd3 {[%emt 0:03:44]} Be7 {[%emt 0:03:59]} 9. O-O {[%emt 0:03:29]} Bxd3 {[%emt 0:12:13]} 10. Qxd3 {[%emt 0:00:07]} Nf5 {[%emt 0:00:38]} 11. Nbd2 {[%emt 0:02:05]} h5 {[%emt 0:00:44]} 12. Re1 {[%emt 0:03:57]} fxe5 {[%emt 0:06:10]} 13. Nxe5 {[%emt 0:00:10]} Nxe5 {[%emt 0:00:09]} 14. Rxe5 {[%emt 0:00:56]} O-O-O {[%emt 0:00:23]} 15. Nf3 {[%emt 0:06:52]} Nd6 {[%emt 0:07:57]} 16. Re2 {[%emt 0:06:18]} Bf6 {[%emt 0:02:51]} 17. a5 {[%emt 0:01:47]} Ne4 {[%emt 0:01:55]} 18. a6 {[%emt 0:00:38]} b6 {[%emt 0:00:14]} 19. c4 {[%emt 0:03:07]} h4 {[%emt 0:03:59]} 20. Be3 {[%emt 0:03:21]} h3 {[%emt 0:00:38]} 21. g3 {[%emt 0:01:39]} Rdg8 {[%emt 0:17:48]} 22. c5 {[%emt 0:04:51]} bxc5 {[%emt 0:05:25]} 23. dxc5 {[%emt 0:00:25]} Qc6 {[%emt 0:00:19]} 24. Nd4 {[%emt 0:05:39]} Bxd4 {[%emt 0:01:48]} 25. Bxd4 {[%emt 0:00:13]} g5 {[%emt 0:16:59]} 26. fxg5 {[%emt 0:02:43]} Rh5 {[%emt 0:03:04]} 27. b4 {[%emt 0:03:35]} Rhxg5 {[%emt 0:02:24]} 28. b5 {[%emt 0:02:22]} Qe8 {[%emt 0:06:44]} 29. Bf2 {[%emt 0:08:57]} Qg6 {[%emt 0:02:28]} 30. Ra3 {[%emt 0:01:24]} Qh6 {[%emt 0:03:33]} 31. b6 {[%emt 0:09:25]} Rxg3+ {[%emt 0:00:26]} 32. hxg3 {[%emt 0:00:15]} h2+ {[%emt 0:01:49]} 33. Kh1 {[%emt 0:00:33]} Qc1+ {[%emt 0:01:04]} 34. Be1 {[%emt 0:02:17]} Rh8 {[%emt 0:01:54]} 35. Rxe4 {[%emt 0:04:05]} dxe4 {[%emt 0:00:38]} 36. Qc3 {[%emt 0:02:00]} Qh6 {[%emt 0:01:11]} 37. Qe5 {[%emt 0:02:30]} Qh7 {[%emt 0:00:36]} 38. Qxe6+ {[%emt 0:00:44]} Kb8 {[%emt 0:00:12]} 39. bxc7+ {[%emt 0:00:56]} Qxc7 {[%emt 0:00:25]} 40. Rb3+ {[%emt 0:00:16]} Ka8 {[%emt 0:00:09]} 41. Qd5+ {[%emt 0:00:09]} Qc6 {[%emt 0:00:09]} 42. Qxc6# {[%emt 0:00:06]} 1-0